Australian cities multiple choice: Cairns - Statistics

General Stats
  • This quiz has been taken 33 times
  • The average score is 9 of 15
Answer Stats
Question Answer % Correct
Cairns is in which state or territory? Queensland
100%
Cairns is in the the country of which Indigenous people? Yirrganydji
94%
The Manunda Hawks, the Port Douglas Crocs and the South Cairns Cutters are teams in the local league of which sport? AFL
89%
Which is not a suburb of Cairns? Lamington
89%
When did Tropical Cyclone Jasper hit Cairns? December 2023
83%
What is Freshwater Station? A railway station
78%
Which river flows through Cairns? Barron
78%
The city was named after... Colonial administrator William Cairns
78%
After Australia, what are the most common countries of birth of Cairns residents? England, New Zealand, Papua New Guinea, Philippines
72%
The world's longest single-day mail run (about 1,450 km) begins in Cairns and ends in... Cape York
50%
The floral emblem of Cairns is the... Golden Penda
33%
Why did Europeans first settle in Cairns? To fish for bêche-de-mer
28%
In the 1940s, which artist lived in the shanty town known as Malaytown? Donald Friend
22%
At the urging of the Commonwealth Government, what did 15,000 Cairns residents do during the Second World War? Moved away from the region in case of Japanese invasion
17%
Why are there nails in a verandah post outside the Cairns Museum? They were used to display funeral notices early in the 20th century
17%
No matching quizzes found
Score Distribution
Percent of People with Each Score
Percentile by Number Answered
Your Score History
You have not taken this quiz